|
|
|
|
| LEADER |
02317cam a2200373 a 4500 |
| 008 |
000818s2000 ii a e 000 0 eng |
| 999 |
|
|
|c 51885
|d 51885
|
| 010 |
|
|
|a 00289755
|
| 020 |
|
|
|a 0852297602 (v. 1-5)
|
| 020 |
|
|
|a 0852297629 (v. 6)
|
| 020 |
|
|
|a 0852297610 (v. 7)
|
| 025 |
|
|
|a I-E-00-289755; 00-92; CC
|
| 035 |
|
|
|a (DLC) 00289755
|
| 042 |
|
|
|a lcode
|
| 043 |
|
|
|a a-ii---
|
| 082 |
0 |
0 |
|a 954/.003
|2 21
|
| 245 |
0 |
0 |
|a Students' Britannica India /
|c editor and vice president Dale Hoiberg ; editor South Asia, Indu Ramchandani.
|
| 260 |
|
|
|a New Delhi :
|b Encyclopaedia Britannica (India),
|c c2000.
|
| 300 |
|
|
|a 7 v. :
|b ill. (some col.) ;
|c 26 cm.
|
| 505 |
0 |
|
|a V. 1. A to C (Abd Allah ibn al-Abbas to Cypress) -- v. 2. D to H (Dadra and Nagar Haveli to Hyena) -- v. 3. I to M (Iblis to Mira Bai) -- v. 4. M to S (Miraj to Shastri) -- v. 5. S to Z (Shath to Zurvan) -- v. 6. Select essays -- v. 7. Careers.
|
| 700 |
1 |
|
|a Hoiberg, Dale.
|
| 700 |
1 |
|
|a Ramchandani, Indu.
|
| 942 |
|
|
|c REF
|
| 246 |
3 |
0 |
|a Britannica India
|
| 651 |
|
0 |
|a India
|v Encyclopedias.
|
| 906 |
|
|
|a 7
|b cbc
|c origode
|d 3
|e ncip
|f 20
|g y-gencatlg
|
| 955 |
|
|
|a wd24;09/07/2000;
|a aa05 2001-08-06
|
| 952 |
|
|
|0 0
|1 0
|2 ddc
|4 0
|6 954_003000000000000_STU_1
|7 0
|9 51863
|a UL
|b UL
|c REF
|d 2012-10-27
|h Vol.1 ( A-C Abd Allah ibn Al-Abbas - Cypress)
|l 0
|o 954.003 STU.1
|p 74755
|r 2012-10-27
|y REF
|
| 952 |
|
|
|0 0
|1 0
|2 ddc
|4 0
|6 954_003000000000000_STU_2
|7 0
|9 51864
|a UL
|b UL
|c REF
|d 2012-10-27
|h Vol.2 ( D-H Dadra & Nagar Haveli- Hyena )
|l 0
|o 954.003 STU.2
|p 74756
|r 2012-10-27
|y REF
|
| 952 |
|
|
|0 0
|1 0
|2 ddc
|4 0
|6 954_003000000000000_STU_3
|7 0
|9 51865
|a UL
|b UL
|c REF
|d 2012-10-27
|h Vol.3 ( I-M Iblis-Mira Bai )
|l 0
|o 954.003 STU.3
|p 74757
|r 2012-10-27
|y REF
|
| 952 |
|
|
|0 0
|1 0
|2 ddc
|4 0
|6 954_003000000000000_STU_4
|7 0
|9 51866
|a UL
|b UL
|c REF
|d 2012-10-27
|h Vol.4 ( M-S Miraj- Shastri )
|l 0
|o 954.003 STU.4
|p 74758
|r 2012-10-27
|y REF
|
| 952 |
|
|
|0 0
|1 0
|2 ddc
|4 0
|6 954_003000000000000_STU_5
|7 0
|9 51867
|a UL
|b UL
|c REF
|d 2012-10-27
|h Vol.5 ( S-Z Shath-Zurvan )
|l 0
|o 954.003 STU.5
|p 74759
|r 2012-10-27
|y REF
|
| 952 |
|
|
|0 0
|1 0
|2 ddc
|4 0
|6 954_003000000000000_STU_6
|7 0
|9 51868
|a UL
|b UL
|c REF
|d 2012-10-27
|h Vol.6 ( select essays )
|l 0
|o 954.003 STU.6
|p 74760
|r 2012-10-27
|y REF
|
| 952 |
|
|
|0 0
|1 0
|2 ddc
|4 0
|6 954_003000000000000_STU_7
|7 0
|9 51869
|a UL
|b UL
|c REF
|d 2012-10-27
|h Vol.7 ( Careers )
|l 0
|o 954.003 STU.7
|p 74761
|r 2012-10-27
|y REF
|